000 00545nam a2200181 a 4500
001 2139
005 20140414131909.0
008 001218s19uu xx 00 eng d
020 _a0-14-054616-2
050 _aER
_bB76 1981
100 _aAardema, Verna
245 _aBringing the rain to kapiti plain /
_cby Verna Aardema ; pictures by Beatriz Vidal.
260 _aNew York :
_bDial Books for Young Readers,
_c1981.
300 _a1 v. (unp.) : ill. ; cm.
440 _aReading Rainbow Book
650 _aAfrican Folktale.
999 _c111129
_d111129